Guinness World Record's Top 50 Video Game Characters - Statistics

General Stats
  • This quiz has been taken 1,391 times
    990 since last reset
  • The average score is 24 of 50
Answer Stats
Hint Answer % Correct
1. "It's a-me! Mario
96%
7. Tomb Raider Lara Croft
85%
10. Fastest Character Of All-Time Sonic
85%
2. Ocarina Of Time Link
83%
20. Most Famous Pokemon Pikachu
82%
4. Metal Gear Solid Solid Snake
78%
3. Halo Master Chief
77%
31. Princess In Ocarina Of Time Zelda
77%
21. Mario's Dinosaur Pal Yoshi
75%
34. "Prince Of ____ Prince Of Persia
73%
44. Princess That Always Gets Kidnapped Princess Peach
71%
18. Pink Puffball Kirby
67%
15. Partner With Clank Ratchet
63%
47. King Koopa Bowser
62%
14. Metroid Main Character Samus
62%
5. Final Fantasy VII Cloud Strife
58%
37. He Wants To Be The Very Best, Like No One Ever Was Ash Ketchum
57%
35. Assassin's Creed II Ezio
57%
16. Uncharted Nathan Drake
57%
9. Demigod Kratos
55%
49. Street Fighter Ryu
51%
39. "Purple Dragon" Spyro
51%
33. "His Coconut Gun, Can Fire In Spurts & If He Shoots Ya, It's Gonna Hurt"! Donkey Kong
50%
25. Sonic's Arch Rival Shadow
49%
11. Orange Marsupial Crash Bandicoot
48%
6. Invented After Creator Saw Missing Pieces Of Pizza PAC-Man
48%
23. "Blue Bomber" Mega Man
46%
30. Assassin's Creed Altair
45%
28. Devil May Cry Dante
45%
8. Half-Life Gordon Freeman
45%
22. GTA: San Andreas CJ Johnson
41%
26. Appears with Daxter Jak
41%
13. GTA IV Niko Bellic
41%
12. COD IV: Modern Warfare Soap MacTavish
40%
50. LittleBigPlanet Sackboy
38%
17. COD IV: Modern Warfare Captain Prince
36%
19. Gears Of War Marcus Fenix
32%
40. COD: Modern Warfare II Ghost Riley
31%
29. Ninja Who Dreams To Become Hokage Naruto
30%
24. Splinter Cell Sam Fisher
28%
32. Final Fantasy VII Sephiroth
26%
36. Biohazard Leon S
18%
43. Biohazard Jill Valentine
11%
42. Family Gets Killed By People on Valkyr Drug Max Payne
11%
38. The Secret Of Monkey Harbor Guybrush Threepwood
9%
27. Protect Earth From Dr. Proton Duke Nukem
7%
41. Dragon Daihikyoe Goku
6%
46. Gears Of War Augustus Cole
4%
48. Brutal Legend Eddie Riggs
4%
45. Leisure Suit Larry Larry Laffer
3%
No matching quizzes found
Score Distribution
Percent of People with Each Score
Percentile by Number Answered
Your Score History
You have not taken this quiz since the last reset